The aesthetics of architecture (Record no. 83754)

MARC details
000 -LEADER
fixed length control field 00895nam a2200193 a 4500
008 - FIXED-LENGTH DATA ELEMENTS--GENERAL INFORMATION
fixed length control field 120416s1979 ||||||||||||||||| || u
020 ## - INTERNATIONAL STANDARD BOOK NUMBER
International Standard Book Number 0416859704
050 ## - LIBRARY OF CONGRESS CALL NUMBER
Classification number NA 2500 Scr
100 ## - MAIN ENTRY--PERSONAL NAME
Personal name Scruton, Roger
245 14 - TITLE STATEMENT
Title The aesthetics of architecture
260 ## - PUBLICATION, DISTRIBUTION, ETC.
Place of publication, distribution, etc. London
Name of publisher, distributor, etc. Methuen
Date of publication, distribution, etc. 1979
300 ## - PHYSICAL DESCRIPTION
Extent x, 302p. : ill.
350 ## -
-- 0.00
650 ## - SUBJECT ADDED ENTRY--TOPICAL TERM
Topical term or geographic name entry element AESTHETICS--ARCHITECTURE
650 ## - SUBJECT ADDED ENTRY--TOPICAL TERM
Topical term or geographic name entry element ARCHITECTURAL DESIGN--EVALUATION
995 ## -
-- MAIN LIBRARY OPEN ACCESS
-- 0.00
-- 709215
-- CBU-MAIN LIBRARY (Kitwe)
-- 3
-- 19.35
-- NA 2500 Scr
-- 3
-- AVAILABLE
-- 010171
-- Main Library Open Access Collection
995 ## -
-- BINDERY (DAMAGED)
-- 0.00
-- 704121
-- CBU-MAIN LIBRARY (Kitwe)
-- 1
-- 19.35
-- NA 2500 Scr
-- 1
-- DAMAGED
-- 010172
-- Main Library Open Access Collection
995 ## -
-- BINDERY (DAMAGED)
-- 0.00
-- 704120
-- CBU-MAIN LIBRARY (Kitwe)
-- 2
-- 19.35
-- NA 2500 Scr
-- 2
-- AVAILABLE
-- 010173
-- Main Library Open Access Collection
999 ## -
-- 83754
-- 83754
Holdings
Withdrawn status Lost status Source of classification or shelving scheme Damaged status Not for loan Permanent Location Current Location Shelving location Date acquired Total Checkouts Full call number Barcode Date last seen Copy number Price effective from Koha item type Collection code
          CBU-MAIN LIBRARY, KITWE. CBU-MAIN LIBRARY, KITWE.   01/08/2024   NA 2500 Scr 010171 01/08/2024 1 01/08/2024 MONOGRAPH  
      Damaged   CBU-MAIN LIBRARY, KITWE. CBU-MAIN LIBRARY, KITWE.   01/08/2024   NA 2500 Scr 010172 01/08/2024 2 01/08/2024 MONOGRAPH BINDERY (DAMAGED)
      Damaged   CBU-MAIN LIBRARY, KITWE. CBU-MAIN LIBRARY, KITWE.   01/08/2024   NA 2500 Scr 010173 01/08/2024 3 01/08/2024 MONOGRAPH BINDERY (DAMAGED)